000 00410nam a2200145 4500
001 148159
003 ES-MaACL
005 20230906202449.0
007 t|
008 070214s1918 sp r ||||1| spa d
100 1 _aStoecklin, Raoul.
_9108264
245 1 0 _aAlsacia-Lorena, ¿alemana o francesa? /
_cRaoul Stoecklin.
260 _a[Barcelona :
_bs. n.,
_c1918] (
_fImp. Moderna)
852 _aES-MaACL
_j1568-F-20
999 _c148159
_d148159